| 000 | 01011cam a2200217 4500 | ||
|---|---|---|---|
| 001 | WB4023-14 | ||
| 008 | 040617n2004 000 0 eng u | ||
| 035 | _a(Sirsi) u126499 | ||
| 245 | _aLondon second most expensive city | ||
| 260 | _c2004 | ||
| 490 |
_aMercer Human Resources Press Release _v9 June 2004 (2) |
||
| 520 | _aLondon is now the second most expensive city behind Tokyo, according to the latest cost of living survey by Mercer Human Resource Consulting. High accommodation and transport costs have pushed London up five places from last year. Moscow is now third with Asuncion, Paraguay, the cheapest. The survey covers 144 cities and measures the comparative cost of over 200 items in each location, including housing and transportation. http://www.mercerhr.com/pressrelease/details.jhtml /dynamic/idContent/1142150 | ||
| 590 | _aWB | ||
| 590 | _aWB | ||
| 650 | _aLONDON | ||
| 650 | _aTOKYO | ||
| 650 | _aMOSCOW | ||
| 650 | _aCOST OF LIVING | ||
| 690 | _aINTERNATIONAL | ||
| 942 | _n0 | ||
| 999 |
_c117534 _d117534 |
||